000 00415cam a2200181 4500
001 D7263
008 090401t1979 xxu||||| |||| 00| 0 eng d
035 _a(Sirsi) u6334
041 _aeng
050 _a333.33
100 _aMurdoch, J. R.
245 4 _aThe Estate Agents Act 1979
260 _aLondon
_bThe Estates Gazette
_c1979
300 _a104p. 22cm
350 _a2.5
942 _n0
948 _c04/03/1997
999 _c86277
_d86277